000 00617nam a22002417a 4500
003 UA-OsUOA
001 26267
007 ta
008 20040525b un ||||| |||| 00| 0 ukr d
100 _aКущенко В.С.
090 _a51
_bК96
942 _cBK
040 _aUA-OsUOA
_brus
_cUA-OsUOA
_dUA-OsUOA
245 _aСборник конкурсных задач по математике с решениями
300 _a510 с.
955 _a0
041 _arus
080 _a51
260 _aЛенинград
_bСудостроение
_c1968
044 _aRU
650 7 _2UDC
999 _c312586
_d312586